000 00462nam a2200157 i 4500
001 52265
003 ES-MaACL
005 20230906162543.0
007 t|
008 030827s1973 sp ||||1| spa d
100 1 _aChumillas, José.
_938697
245 1 0 _aVen, Espíritu Santo
_b: catequesis de preparación a la Confirmación /
_cJosé Chumillas.
260 _aMadrid :
_bMarova,
_c[1973]
300 _a161 p. ;
_c22 cm.
852 _aES-MaACL
_jC-51328
_bR.85362
999 _c52265
_d52265